Statistiques concernant Adversaires européens de l'En Avant Guingamp

Cliquez ici pour prendre le quiz!

Statistiques générales

  • Ce quiz a été pris 76 fois
  • Le résultat moyen est 4 sur 13

Statistiques - réponses

CompétitionAdversaireNationalité% Correct
Ligue Europa 2014-2015Dynamo KievUkraine
83%
Ligue Europa 2014-2015FiorentinaItalie
77%
Ligue Europa 2014-2015PAOK SaloniqueGrèce
70%
Coupe UEFA 1996-1997Inter MilanItalie
61%
Ligue Europa 2014-2015Dynamo MinskBiélorussie
36%
Ligue Europa 2009-2010HambourgAllemagne
21%
Coupe Intertoto 1996FC Dinamo BucarestRoumanie
16%
Coupe Intertoto 2003FC Zbrojovka BrnoTchéquie
6%
Coupe Intertoto 1996Rotor VolgogradRussie
4%
Coupe Intertoto 1996FC Kolkheti 1913 PotiGéorgie
3%
Coupe Intertoto 1996FF JaroFinlande
3%
Coupe Intertoto 1996FK ZemunSlovaquie
3%
Coupe Intertoto 1996Kamaz TchelnyRussie
3%

Distribution des résultats

Percentile par nombre de réponses

% des personnes avec chaque résultat

Votre développement - résultats

Vous n’avez pas pris ce quiz